<?xml version="1.0" encoding="UTF-8"?>
<record
    xmlns:xsi="http://www.w3.org/2001/XMLSchema-instance"
    xsi:schemaLocation="http://www.loc.gov/MARC21/slim http://www.loc.gov/standards/marcxml/schema/MARC21slim.xsd"
    xmlns="http://www.loc.gov/MARC21/slim">

  <leader>03806nam0a2200541   4500</leader>
  <controlfield tag="001">RU\NLR\bibl\979527</controlfield>
  <controlfield tag="005">20250614214003.0</controlfield>
  <datafield tag="010" ind1=" " ind2=" ">
    <subfield code="a">5-89530-004-9</subfield>
  </datafield>
  <datafield tag="010" ind1=" " ind2=" ">
    <subfield code="a">5-89530-007-3</subfield>
    <subfield code="9">400</subfield>
  </datafield>
  <datafield tag="021" ind1=" " ind2=" ">
    <subfield code="a">RU</subfield>
    <subfield code="b">2006-36273</subfield>
    <subfield code="9">1817</subfield>
  </datafield>
  <datafield tag="035" ind1=" " ind2=" ">
    <subfield code="a">(nilc)RSL-KNO-002895936</subfield>
  </datafield>
  <datafield tag="035" ind1=" " ind2=" ">
    <subfield code="a">(NLR Aleph) 000967432</subfield>
  </datafield>
  <datafield tag="090" ind1=" " ind2=" ">
    <subfield code="a">377898</subfield>
    <subfield code="c">377898</subfield>
  </datafield>
  <datafield tag="100" ind1=" " ind2=" ">
    <subfield code="a">20060614d2006    |||y0rusy50      ca</subfield>
  </datafield>
  <datafield tag="101" ind1="0" ind2=" ">
    <subfield code="a">rus</subfield>
  </datafield>
  <datafield tag="102" ind1=" " ind2=" ">
    <subfield code="a">RU</subfield>
  </datafield>
  <datafield tag="105" ind1=" " ind2=" ">
    <subfield code="a">y   |||||||||</subfield>
  </datafield>
  <datafield tag="106" ind1=" " ind2=" ">
    <subfield code="a">r</subfield>
  </datafield>
  <datafield tag="200" ind1="1" ind2=" ">
    <subfield code="a">&#x42D;&#x43A;&#x441;&#x43F;&#x440;&#x435;&#x441;&#x441;&#x438;&#x43E;&#x43D;&#x43D;&#x430;&#x44F; &#x433;&#x430;&#x437;&#x43E;&#x432;&#x430;&#x44F; &#x445;&#x440;&#x43E;&#x43C;&#x430;&#x442;&#x43E;&#x433;&#x440;&#x430;&#x444;&#x438;&#x44F; &#x438; &#x435;&#x435; &#x432;&#x43E;&#x437;&#x43C;&#x43E;&#x436;&#x43D;&#x43E;&#x441;&#x442;&#x438; &#x432; &#x43A;&#x430;&#x442;&#x430;&#x43B;&#x438;&#x437;&#x435;</subfield>
    <subfield code="f">&#x412;.&#x41D;. &#x421;&#x438;&#x434;&#x435;&#x43B;&#x44C;&#x43D;&#x438;&#x43A;&#x43E;&#x432;</subfield>
  </datafield>
  <datafield tag="210" ind1=" " ind2=" ">
    <subfield code="a">&#x41C;&#x43E;&#x441;&#x43A;&#x432;&#x430;</subfield>
    <subfield code="c">&#x41A;&#x430;&#x43B;&#x432;&#x438;&#x441;</subfield>
    <subfield code="d">2006</subfield>
    <subfield code="e">&#x420;&#x44B;&#x431;&#x438;&#x43D;&#x441;&#x43A;</subfield>
    <subfield code="g">&#x421;&#x442;&#x440;&#x430;&#x442;&#x438;&#x43C;-&#x41F;&#x41A;&#x41F;</subfield>
  </datafield>
  <datafield tag="215" ind1=" " ind2=" ">
    <subfield code="a">114 &#x441;.</subfield>
    <subfield code="c">&#x438;&#x43B;., &#x442;&#x430;&#x431;&#x43B;.</subfield>
    <subfield code="d">21</subfield>
  </datafield>
  <datafield tag="225" ind1="1" ind2=" ">
    <subfield code="a">&#x41F;&#x440;&#x43E;&#x43C;&#x44B;&#x448;&#x43B;&#x435;&#x43D;&#x43D;&#x44B;&#x439; &#x43A;&#x430;&#x442;&#x430;&#x43B;&#x438;&#x437; &#x432; &#x43B;&#x435;&#x43A;&#x446;&#x438;&#x44F;&#x445;</subfield>
    <subfield code="v">&#x412;&#x44B;&#x43F;. 4</subfield>
  </datafield>
  <datafield tag="225" ind1="1" ind2=" ">
    <subfield code="a">&#x41A;&#x43E;&#x43B;&#x43B;&#x435;&#x43A;&#x446;&#x438;&#x44F; &#x418;&#x437;&#x434;&#x430;&#x442;&#x435;&#x43B;&#x44C;&#x441;&#x442;&#x432;&#x430; KVS</subfield>
  </datafield>
  <datafield tag="300" ind1=" " ind2=" ">
    <subfield code="a">&#x412; &#x43A;&#x43E;&#x43D;&#x446;&#x435; &#x442;&#x435;&#x43A;&#x441;&#x442;&#x430; &#x430;&#x432;&#x442;.: &#x421;&#x438;&#x434;&#x435;&#x43B;&#x44C;&#x43D;&#x438;&#x43A;&#x43E;&#x432; &#x412;.&#x41D;. &#x434;.&#x445;.&#x43D;., &#x41D;&#x43E;&#x441;&#x43A;&#x43E;&#x432; &#x410;.&#x421;. &#x434;.&#x442;.&#x43D;., &#x43F;&#x440;&#x43E;&#x444;., &#x415;&#x440;&#x43C;&#x430;&#x43A;&#x43E;&#x432;&#x430; &#x410;. &#x434;.&#x442;.&#x43D;.</subfield>
  </datafield>
  <datafield tag="300" ind1=" " ind2=" ">
    <subfield code="a">&#x41D;&#x430; &#x43E;&#x431;&#x43B;. &#x442;&#x43E;&#x43B;&#x44C;&#x43A;&#x43E; &#x437;&#x430;&#x433;&#x43B;. &#x441;&#x435;&#x440;&#x438;&#x439;</subfield>
  </datafield>
  <datafield tag="320" ind1=" " ind2=" ">
    <subfield code="a">&#x411;&#x438;&#x431;&#x43B;&#x438;&#x43E;&#x433;&#x440;. &#x432; &#x43A;&#x43E;&#x43D;&#x446;&#x435; &#x441;&#x442;.</subfield>
  </datafield>
  <datafield tag="423" ind1=" " ind2="0">
    <subfield code="1">2001#$a&#x41F;&#x440;&#x43E;&#x43C;&#x44B;&#x448;&#x43B;&#x435;&#x43D;&#x43D;&#x44B;&#x435; &#x43A;&#x430;&#x442;&#x430;&#x43B;&#x438;&#x442;&#x438;&#x447;&#x435;&#x441;&#x43A;&#x438;&#x435; &#x440;&#x435;&#x430;&#x43A;&#x442;&#x43E;&#x440;&#x44B; &#x438; &#x438;&#x445; &#x43E;&#x441;&#x43E;&#x431;&#x435;&#x43D;&#x43D;&#x43E;&#x441;&#x442;&#x438;$f&#x410;. &#x421;. &#x41D;&#x43E;&#x441;&#x43A;&#x43E;&#x432;</subfield>
    <subfield code="1">700#1$a&#x41D;&#x43E;&#x441;&#x43A;&#x43E;&#x432;$b&#x410;. &#x421;.$g&#x410;&#x43B;&#x435;&#x43A;&#x441;&#x430;&#x43D;&#x434;&#x440; &#x421;&#x442;&#x435;&#x43F;&#x430;&#x43D;&#x43E;&#x432;&#x438;&#x447;$4070</subfield>
    <subfield code="1">210##$a&#x41C;&#x43E;&#x441;&#x43A;&#x432;&#x430;$d2006</subfield>
    <subfield code="1">215##$a&#x421;. 31-66</subfield>
    <subfield code="t">&#x41F;&#x440;&#x43E;&#x43C;&#x44B;&#x448;&#x43B;&#x435;&#x43D;&#x43D;&#x44B;&#x435; &#x43A;&#x430;&#x442;&#x430;&#x43B;&#x438;&#x442;&#x438;&#x447;&#x435;&#x441;&#x43A;&#x438;&#x435; &#x440;&#x435;&#x430;&#x43A;&#x442;&#x43E;&#x440;&#x44B; &#x438; &#x438;&#x445; &#x43E;&#x441;&#x43E;&#x431;&#x435;&#x43D;&#x43D;&#x43E;&#x441;&#x442;&#x438;</subfield>
    <subfield code="a">&#x41D;&#x43E;&#x441;&#x43A;&#x43E;&#x432;, &#x410;&#x43B;&#x435;&#x43A;&#x441;&#x430;&#x43D;&#x434;&#x440; &#x421;&#x442;&#x435;&#x43F;&#x430;&#x43D;&#x43E;&#x432;&#x438;&#x447;</subfield>
  </datafield>
  <datafield tag="423" ind1=" " ind2="0">
    <subfield code="1">2001#$a&#x41C;&#x430;&#x43A;&#x440;&#x43E;&#x43A;&#x438;&#x43D;&#x435;&#x442;&#x438;&#x447;&#x435;&#x441;&#x43A;&#x438;&#x435; &#x43C;&#x43E;&#x434;&#x435;&#x43B;&#x438; &#x441;&#x43B;&#x43E;&#x436;&#x43D;&#x44B;&#x445; &#x440;&#x435;&#x430;&#x43A;&#x446;&#x438;&#x439;$f&#x410;. &#x415;&#x440;&#x43C;&#x430;&#x43A;&#x43E;&#x432;&#x430;$g[&#x43A; &#x441;&#x431;. &#x432; &#x446;&#x435;&#x43B;&#x43E;&#x43C;]: &#x43F;&#x43E;&#x434; &#x43E;&#x431;&#x449;. &#x440;&#x435;&#x434;. &#x434;.&#x442;.&#x43D;., &#x43F;&#x440;&#x43E;&#x444;. &#x410;. &#x421;. &#x41D;&#x43E;&#x441;&#x43A;&#x43E;&#x432;&#x430;</subfield>
    <subfield code="1">700#1$a&#x415;&#x440;&#x43C;&#x430;&#x43A;&#x43E;&#x432;&#x430;$b&#x410;.$g&#x410;&#x43D;&#x43D;&#x430;$4070</subfield>
    <subfield code="1">210##$a&#x41C;&#x43E;&#x441;&#x43A;&#x432;&#x430;$d2006</subfield>
    <subfield code="1">215##$a&#x421;. 67-114</subfield>
    <subfield code="t">&#x41C;&#x430;&#x43A;&#x440;&#x43E;&#x43A;&#x438;&#x43D;&#x435;&#x442;&#x438;&#x447;&#x435;&#x441;&#x43A;&#x438;&#x435; &#x43C;&#x43E;&#x434;&#x435;&#x43B;&#x438; &#x441;&#x43B;&#x43E;&#x436;&#x43D;&#x44B;&#x445; &#x440;&#x435;&#x430;&#x43A;&#x446;&#x438;&#x439;</subfield>
    <subfield code="a">&#x415;&#x440;&#x43C;&#x430;&#x43A;&#x43E;&#x432;&#x430;, &#x410;&#x43D;&#x43D;&#x430;</subfield>
  </datafield>
  <datafield tag="606" ind1="1" ind2=" ">
    <subfield code="a">&#x425;&#x440;&#x43E;&#x43C;&#x430;&#x442;&#x43E;&#x433;&#x440;&#x430;&#x444;&#x438;&#x44F; &#x433;&#x430;&#x437;&#x43E;&#x432;&#x430;&#x44F;</subfield>
    <subfield code="9">1258886</subfield>
    <subfield code="3">RU\NLR\auth\66199126</subfield>
  </datafield>
  <datafield tag="606" ind1="1" ind2=" ">
    <subfield code="a">&#x425;&#x438;&#x43C;&#x438;&#x447;&#x435;&#x441;&#x43A;&#x430;&#x44F; &#x43A;&#x438;&#x43D;&#x435;&#x442;&#x438;&#x43A;&#x430;</subfield>
    <subfield code="9">962273</subfield>
    <subfield code="3">RU\NLR\auth\6640605</subfield>
  </datafield>
  <datafield tag="606" ind1="1" ind2=" ">
    <subfield code="a">&#x41A;&#x430;&#x442;&#x430;&#x43B;&#x438;&#x442;&#x438;&#x447;&#x435;&#x441;&#x43A;&#x438;&#x435; &#x440;&#x435;&#x430;&#x43A;&#x442;&#x43E;&#x440;&#x44B;</subfield>
    <subfield code="9">2088608</subfield>
    <subfield code="3">RU\NLR\auth\661264390</subfield>
  </datafield>
  <datafield tag="610" ind1="0" ind2=" ">
    <subfield code="a">&#x425;&#x438;&#x43C;&#x438;&#x447;&#x435;&#x441;&#x43A;&#x430;&#x44F; &#x442;&#x435;&#x445;&#x43D;&#x43E;&#x43B;&#x43E;&#x433;&#x438;&#x44F;. &#x425;&#x438;&#x43C;&#x438;&#x447;&#x435;&#x441;&#x43A;&#x438;&#x435; &#x43F;&#x440;&#x43E;&#x438;&#x437;&#x432;&#x43E;&#x434;&#x441;&#x442;&#x432;&#x430; -- &#x41E;&#x441;&#x43D;&#x43E;&#x432;&#x43D;&#x44B;&#x435; &#x43F;&#x440;&#x43E;&#x446;&#x435;&#x441;&#x441;&#x44B; &#x438; &#x430;&#x43F;&#x43F;&#x430;&#x440;&#x430;&#x442;&#x44B; &#x445;&#x438;&#x43C;&#x438;&#x447;&#x435;&#x441;&#x43A;&#x43E;&#x439; &#x442;&#x435;&#x445;&#x43D;&#x43E;&#x43B;&#x43E;&#x433;&#x438;&#x438; -- &#x424;&#x438;&#x437;&#x438;&#x447;&#x435;&#x441;&#x43A;&#x438;&#x435; &#x43F;&#x440;&#x43E;&#x446;&#x435;&#x441;&#x441;&#x44B; -- &#x41A;&#x430;&#x442;&#x430;&#x43B;&#x438;&#x442;&#x438;&#x447;&#x435;&#x441;&#x43A;&#x438;&#x435; &#x438; &#x43A;&#x43E;&#x43D;&#x442;&#x430;&#x43A;&#x442;&#x43D;&#x44B;&#x435; &#x43F;&#x440;&#x43E;&#x446;&#x435;&#x441;&#x441;&#x44B; -- &#x41B;&#x435;&#x43A;&#x446;&#x438;&#x438; &#x434;&#x43B;&#x44F; &#x43F;&#x43E;&#x432;&#x44B;&#x448;&#x435;&#x43D;&#x438;&#x44F; &#x43A;&#x432;&#x430;&#x43B;&#x438;&#x444;&#x438;&#x43A;&#x430;&#x446;&#x438;&#x438; &#x441;&#x43F;&#x435;&#x446;&#x438;&#x430;&#x43B;&#x438;&#x441;&#x442;&#x43E;&#x432;</subfield>
  </datafield>
  <datafield tag="610" ind1="0" ind2=" ">
    <subfield code="a">&#x425;&#x438;&#x43C;&#x438;&#x447;&#x435;&#x441;&#x43A;&#x438;&#x435; &#x43D;&#x430;&#x443;&#x43A;&#x438; -- &#x410;&#x43D;&#x430;&#x43B;&#x438;&#x442;&#x438;&#x447;&#x435;&#x441;&#x43A;&#x430;&#x44F; &#x445;&#x438;&#x43C;&#x438;&#x44F; -- &#x41C;&#x435;&#x442;&#x43E;&#x434;&#x44B; &#x440;&#x430;&#x437;&#x434;&#x435;&#x43B;&#x435;&#x43D;&#x438;&#x44F; &#x438; &#x430;&#x43D;&#x430;&#x43B;&#x438;&#x437;&#x430; &#x432;&#x435;&#x449;&#x435;&#x441;&#x442;&#x432; &#x438; &#x438;&#x445; &#x441;&#x43C;&#x435;&#x441;&#x435;&#x439; -- &#x425;&#x440;&#x43E;&#x43C;&#x430;&#x442;&#x43E;&#x433;&#x440;&#x430;&#x444;&#x438;&#x447;&#x435;&#x441;&#x43A;&#x438;&#x439; &#x430;&#x43D;&#x430;&#x43B;&#x438;&#x437; -- &#x413;&#x430;&#x437;&#x43E;&#x432;&#x430;&#x44F; &#x438; &#x433;&#x430;&#x437;&#x43E;-&#x436;&#x438;&#x434;&#x43A;&#x43E;&#x441;&#x442;&#x43D;&#x430;&#x44F; &#x445;&#x440;&#x43E;&#x43C;&#x430;&#x442;&#x43E;&#x433;&#x440;&#x430;&#x444;&#x438;&#x44F; -- &#x421;&#x431;&#x43E;&#x440;&#x43D;&#x438;&#x43A;</subfield>
  </datafield>
  <datafield tag="610" ind1="0" ind2=" ">
    <subfield code="a">&#x425;&#x438;&#x43C;&#x438;&#x447;&#x435;&#x441;&#x43A;&#x438;&#x435; &#x43D;&#x430;&#x443;&#x43A;&#x438; -- &#x424;&#x438;&#x437;&#x438;&#x447;&#x435;&#x441;&#x43A;&#x430;&#x44F; &#x445;&#x438;&#x43C;&#x438;&#x44F;. &#x425;&#x438;&#x43C;&#x438;&#x447;&#x435;&#x441;&#x43A;&#x430;&#x44F; &#x444;&#x438;&#x437;&#x438;&#x43A;&#x430; -- &#x41A;&#x430;&#x442;&#x430;&#x43B;&#x438;&#x437; -- &#x413;&#x435;&#x442;&#x435;&#x440;&#x43E;&#x433;&#x435;&#x43D;&#x43D;&#x44B;&#x439; &#x43A;&#x430;&#x442;&#x430;&#x43B;&#x438;&#x437;. &#x41A;&#x430;&#x442;&#x430;&#x43B;&#x438;&#x437;&#x430;&#x442;&#x43E;&#x440;&#x44B; -- &#x418;&#x441;&#x441;&#x43B;&#x435;&#x434;&#x43E;&#x432;&#x430;&#x43D;&#x438;&#x435; &#x43A;&#x430;&#x442;&#x430;&#x43B;&#x438;&#x437;&#x430;&#x442;&#x43E;&#x440;&#x43E;&#x432; -- &#x421;&#x431;&#x43E;&#x440;&#x43D;&#x438;&#x43A;</subfield>
  </datafield>
  <datafield tag="686" ind1=" " ind2=" ">
    <subfield code="a">&#x41B;114.1&#x44F;77-2</subfield>
    <subfield code="2">rubbk</subfield>
  </datafield>
  <datafield tag="686" ind1=" " ind2=" ">
    <subfield code="a">&#x413;471.8&#x44F;44</subfield>
    <subfield code="2">rubbk</subfield>
  </datafield>
  <datafield tag="686" ind1=" " ind2=" ">
    <subfield code="a">&#x413;544.327&#x44F;44</subfield>
    <subfield code="2">rubbk</subfield>
  </datafield>
  <datafield tag="686" ind1=" " ind2=" ">
    <subfield code="a">&#x41B;114.1-51</subfield>
  </datafield>
  <datafield tag="686" ind1=" " ind2=" ">
    <subfield code="a">&#x413;583.32</subfield>
  </datafield>
  <datafield tag="686" ind1=" " ind2=" ">
    <subfield code="a">&#x413;542</subfield>
  </datafield>
  <datafield tag="700" ind1=" " ind2="1">
    <subfield code="a">&#x421;&#x438;&#x434;&#x435;&#x43B;&#x44C;&#x43D;&#x438;&#x43A;&#x43E;&#x432;</subfield>
    <subfield code="b">&#x412;. &#x41D;.</subfield>
    <subfield code="g">&#x412;&#x43B;&#x430;&#x434;&#x438;&#x43C;&#x438;&#x440; &#x41D;&#x438;&#x43A;&#x43E;&#x43B;&#x430;&#x435;&#x432;&#x438;&#x447;</subfield>
    <subfield code="4">070</subfield>
  </datafield>
  <datafield tag="801" ind1=" " ind2="0">
    <subfield code="a">RU</subfield>
    <subfield code="b">&#x420;&#x41A;&#x41F;</subfield>
    <subfield code="c">20060614</subfield>
    <subfield code="g">rcr</subfield>
  </datafield>
  <datafield tag="801" ind1=" " ind2="1">
    <subfield code="a">RU</subfield>
    <subfield code="b">&#x420;&#x413;&#x411;</subfield>
    <subfield code="c">20060614</subfield>
  </datafield>
  <datafield tag="801" ind1=" " ind2="2">
    <subfield code="a">RU</subfield>
    <subfield code="b">NLR</subfield>
    <subfield code="c">20060901</subfield>
    <subfield code="g">rcr</subfield>
  </datafield>
  <datafield tag="830" ind1=" " ind2=" ">
    <subfield code="a">1-&#x439; &#x438; 2-&#x439; &#x430;&#x432;&#x442;. &#x43F;&#x43E; &#x43A;&#x43D;.</subfield>
  </datafield>
  <datafield tag="942" ind1=" " ind2=" ">
    <subfield code="c">BOOK</subfield>
  </datafield>
  <datafield tag="980" ind1=" " ind2=" ">
    <subfield code="a">NB</subfield>
  </datafield>
  <datafield tag="995" ind1=" " ind2=" ">
    <subfield code="5">2006-09-01</subfield>
    <subfield code="a">ad</subfield>
    <subfield code="b">NLR01</subfield>
    <subfield code="c">NLR01</subfield>
    <subfield code="e">RF3</subfield>
    <subfield code="f">2250155</subfield>
    <subfield code="k">2006-3/22939</subfield>
    <subfield code="o">0</subfield>
    <subfield code="r">BOOK</subfield>
    <subfield code="s">2006322939_</subfield>
  </datafield>
  <datafield tag="995" ind1=" " ind2=" ">
    <subfield code="5">2006-09-01</subfield>
    <subfield code="a">ad</subfield>
    <subfield code="b">NLR01</subfield>
    <subfield code="c">NLR01</subfield>
    <subfield code="e">RF3</subfield>
    <subfield code="f">2250156</subfield>
    <subfield code="k">2006-3/22939</subfield>
    <subfield code="o">0</subfield>
    <subfield code="r">BOOK</subfield>
    <subfield code="s">2006322939_</subfield>
  </datafield>
</record>
